The Platonic method ; an interpretation of the dramatic-philosophic aspects of the Meno.

Bibliographic Details
Main Author: Eckstein, Jerome
Format: Book
Language:English
Published: New York : Greenwood Pub. Corp., [1968]
Subjects:

MARC

Tag First Indicator Second Indicator Subfields
LEADER 00000cam a2200000 4500
001 in00000075542
005 20151008053637.0
008 700521s1968 nyu b 00000 eng
010 |a  68058747  
035 |a (OCoLC)00075858 
035 |9 AAH8137AM 
040 |a DLC  |c DLC  |d TXA  |d UtOrBLW 
049 |a TXAM  |c 1 [531667] 
050 0 0 |a B377  |b .E25 
082 0 |a 184 
100 1 |a Eckstein, Jerome. 
245 1 4 |a The Platonic method ;  |b an interpretation of the dramatic-philosophic aspects of the Meno. 
264 1 |a New York :  |b Greenwood Pub. Corp.,  |c [1968] 
300 |a 133 pages ;  |c 23 cm. 
336 |a text  |b txt  |2 rdacontent 
337 |a unmediated  |b n  |2 rdamedia 
338 |a volume  |b nc  |2 rdacarrier 
504 |a Bibliographical references included in "Notes" (pages 87-91). 
600 0 0 |a Plato.  |t Meno. 
999 |a MARS 
999 f f |s 17f0f3eb-4819-3ab3-a764-d2bacaf6d065  |i 1338a855-6c5f-3e2b-8698-0544feb21394  |t 0 
952 f f |p ric  |a Texas A&M University  |b Rellis Campus  |c Joint Library Facility  |d Remote Storage  |t 0  |e B377 .E25  |h Library of Congress classification  |i unmediated -- volume  |m A14801592073 
998 f f |a B377 .E25  |t 0  |l Remote Storage